Statistics for slipknot members by mask

Click here to take the quiz!

General Stats

  • This quiz has been taken 292 times
  • The average score is 8 of 10

Answer Stats

Answer% Correct
corey taylor
97%
joey jordison
92%
jim root
86%
paul gray
86%
shawn crahan
86%
craig jones
83%
chris fehn
81%
jay weinberg
80%
sid wilson
79%
mick thompson
76%

Score Distribution

Percentile by Number Answered

Percent of People with Each Score

Your Score History

You have not taken this quiz